| 000 | 00868nam a22002417a 4500 | ||
|---|---|---|---|
| 008 | 240702b mp ||||| |||| 00| 0 mon d | ||
| 035 | _a17879 | ||
| 040 |
_aSU1322070 _bmon _cMN-UlNLM _dMN-UlNLM _erda |
||
| 041 | _amon | ||
| 042 | _a45188 | ||
| 084 |
_2NNA _a74.1 _bЖ-249 |
||
| 100 | _aЖангар | ||
| 245 | 0 | _aГал сөнөөгч | |
| 264 |
_aУБ _bМон судар _c2013 |
||
| 300 | _aх. | ||
| 336 |
_2rdacontent _atext _btxt |
||
| 337 |
_2rdamedia _aunmediated _bn |
||
| 338 |
_2rdacarrier _avolume _bnc |
||
| 490 | _aЯагаад | ||
| 650 | _aДэлхий ертөнцтэй алхам алхмаар танилцаара, найзууд аа Хүүхдийн "Яагаад, ямар учираас, яаж ?" гэсэн олон асуултад гайхал төрүүлэм... | ||
| 942 |
_2NNA _cBK |
||
| 999 |
_c1074942 _d1074999 |
||